000 00576nam a2200205Ia 4500
001 13284
003 GE_BSU
008 181216s||||||||xx |||||||||||||| ||und||
040 _cGE_BSU
080 _a631.8(075.32)
100 _aПетербургский,А.В.
245 _aАгрохимия и системы удобрения
245 _cРед.В.М.Шлепанов.
260 _aМосква
260 _bКолос
260 _c1967
300 _a423стр.илл.20см.
653 _aАгрохимия и системы удобрения
942 _cBK
999 _c46446
_d46446